Obecná dermatologie pro lékaře a mediky /

Uložené v:
Podrobná bibliografia
Hlavný autor: Gawalowski, Karel, 1890-1965 (Author)
Médium: Kniha
Jazyk:Czech
Vydané: Praha : Státní zdravotnické nakladatelství, 1955.
Vydanie:Vyd. 1.
ISBN: (viaz.)
Fyzický popis: 777 s. : il., tab., fot.
Tagy: Pridať tag
Žiadne tagy, Buďte prvý kto otaguje tento záznam!

MARC

LEADER 00000nam a2200000 4500
001 000512921
005 20160719180706.0
008 990517s1955 xr e 000 0 cze d
020 |a (viaz.)  |c Kčs 108,00 
040 |a SVKKK  |b slo  |c SVKKK  |e AACR2 
041 0 |a cze 
044 |a xr  |c CZ 
100 1 |a Gawalowski, Karel,  |d 1890-1965  |4 aut 
245 1 0 |a Obecná dermatologie pro lékaře a mediky /  |c Karel Gawalowski. 
250 |a Vyd. 1. 
260 |a Praha :  |b Státní zdravotnické nakladatelství,  |c 1955. 
300 |a 777 s. :  |b il., tab., fot. 
504 |a Vecný register 
504 |a Prehľad lit. 
910 |a svkkk 
998 |a BK 
090 |g SCKHL  |k Sklad Pribinova 1. posch.  |a IV.5735  |j 103171  |i 512921-10  |s Prezenčne 
090 |g SCKHL  |k Sklad Pribinova 1. posch.  |a IV.9718  |j 97825  |i 512921-20  |s Prezenčne